Kliknij państwa Europy na mapie według stolicy - Statystyki

Ogólne statystyki
  • Ten quiz został rozwiązany 37 razy
  • Średni wynik to 40 z 45
Odpowiedzi na mapie
Odpowiedzi zakodowano w zielono-czerwonej skali na mapie do tego quizu, zgodnie z poniższymi procentami.
 
Statystyki odpowiedzi
Odpowiedź % Poprawnych
Berlin
100%
Helsinki
100%
Londyn
100%
Reykjavik
100%
Kijów
97%
Kopenhaga
97%
Lizbona
97%
Moskwa
97%
Paryż
97%
Praga
97%
Rzym
97%
Tallinn
97%
Warszawa
97%
Amsterdam
93%
Ateny
93%
Budapeszt
93%
Dublin
93%
Kiszyniów
93%
Madryt
93%
Mińsk
93%
Sztokholm
93%
Wilno
93%
Berno
90%
Monako
90%
Oslo
90%
Ryga
90%
San Marino
90%
Watykan
90%
Wiedeń
90%
Zagrzeb
90%
Bruksela
86%
Skopje
86%
Tirana
86%
Andora
83%
Bratysława
83%
Bukareszt
83%
Sofia
83%
Valletta
83%
Lublana
79%
Sarajewo
79%
Belgrad
76%
Luksemburg
76%
Prisztina
72%
Podgorica
69%
Vaduz
69%
Nie znaleziono quizów pasujących do podanych kryteriów
Rozkład punktacji
Procent ludzi z każdym wynikiem
Percentyl według liczby udzielonych odpowiedzi
Twoja historia wyników
Nie rozwiązałeś tego quizu